000 00674nam a2200205Ia 4500
001 5310
003 GE_BSU
008 181216s||||||||xx |||||||||||||| ||und||
040 _cGE_BSU
080 _a517.983
100 _aБродский, М.С.
245 _aТреугольные и жордановы представления линейных операторов.
245 _cГл. ред. физ.-мат. лит-ры.
260 _aМосква
260 _bНаука
260 _c1969
300 _a287 с. 22 см.
653 _aТреугольные и жордановы представления линейных операторов.
942 _cBK
999 _c38895
_d38895